| 000 | 00374nam a2200145Ia 4500 | ||
|---|---|---|---|
| 008 | 200103s9999||||xx |||||||||||||| ||und|| | ||
| 020 | _a0901281654, | ||
| 040 | _aIMU-MPC | ||
| 082 | _aColumn-9 | ||
| 100 | _aKrall, edmund G. R. | ||
| 245 | 0 | _aReed's Advanced Electrotechnology for Engineers | |
| 260 |
_bThomas Reed Publications Ltd. _c1999 |
||
| 300 | _a664 | ||
| 942 | _cBK | ||
| 999 |
_c4294 _d4294 |
||